[Event "Gijon RGCC op 7th"]
[Site "Gijon"]
[Date "2023.08.09"]
[Round "7"]
[White "Markuszewski, Maksymilian"]
[Black "Marino Bravo, Miguel Angel"]
[Result "1-0"]
[WhiteElo "2046"]
[BlackElo "2148"]
[PlyCount "77"]
[EventDate "2023.08.05"]
[EventType "swiss"]
[EventRounds "9"]
[EventCountry "ESP"]
[SourceTitle "EXT 2024"]
[Source "ChessBase"]
[SourceDate "2023.10.10"]
[SourceVersion "1"]
[SourceVersionDate "2023.10.10"]
[SourceQuality "1"]

1. d4 d5 2. c4 e6 3. Nf3 Nf6 4. Nc3 Be7 5. Bf4 c6 6. e3 Nbd7 7. c5 Ne4 8. Qc2 f5 9. h4 h6 10. b4 0-0 11. h5 Bf6 12. Be2 Re8 13. Ne5 Nxe5 14. Bxe5 Bxe5 15. dxe5 Qg5 16. 0-0 Bd7 17. Bf3 Rf8 18. Ne2 Be8 19. Nf4 Bf7 20. a4 Rac8 21. Rfc1 a6 22. Rab1 Rfd8 23. Rb2 Qe7 24. g3 Qc7 25. Bxe4 fxe4 26. Qc3 Qe7 27. b5 axb5 28. axb5 Qg5 29. bxc6 bxc6 30. Rb7 Re8 31. Ra1 Ra8 32. Rxa8 Rxa8 33. Qb2 Ra5 34. Rb8+ Kh7 35. Rf8 Bg8 36. Qb8 Ra1+ 37. Kh2 Ra2 38. Rxg8 Rxf2+ 39. Kh1 1-0

[Event "La Pobla de Lillet op-A"]
[Site "La Pobla de Lillet"]
[Date "2022.08.06"]
[Round "5"]
[White "Markuszewski, Maksymilian"]
[Black "Alfonso Durban, Xavier"]
[Result "0-1"]
[WhiteElo "2064"]
[BlackElo "2159"]
[PlyCount "127"]
[EventDate "2022.08.02"]
[EventType "swiss"]
[EventRounds "9"]
[EventCountry "ESP"]
[SourceTitle "CBM 209 Extra"]
[Source "ChessBase"]
[SourceDate "2022.09.30"]
[SourceVersion "1"]
[SourceVersionDate "2022.09.30"]
[SourceQuality "1"]

1. d4 d5 2. c4 e6 3. Nf3 c5 4. cxd5 exd5 5. g3 Nc6 6. Bg2 Nf6 7. 0-0 Be6 8. a3 c4 9. Nc3 Be7 10. Ne5 0-0 11. Re1 Nxe5 12. dxe5 Ng4 13. Nxd5 Bc5 14. Be3 Bxe3 15. Nxe3 Nxe3 16. fxe3 Qa5 17. Qd4 Rac8 18. Qc3 Qxc3 19. bxc3 b6 20. a4 Rc5 21. a5 bxa5 22. Reb1 Rxe5 23. Kf2 Re8 24. Rb7 Bf5 25. Rxa7 Rxe3 26. Bc6 Rxe2+ 27. Kf3 R8e3+ 28. Kf4 h5 29. R1xa5 Bg6 30. Rc7 Rxc3 31. Ra8+ Kh7 32. Rcc8 Bc2 33. Rh8+ Kg6 34. Ra6 Re6 35. Re8 Kf6 36. Rxe6+ fxe6 37. Ra5 Bf5 38. h4 Rd3 39. Rc5 c3 40. Be4 Rd4 41. Rxc3 Rxe4+ 42. Kf3 Rd4 43. Rc7 Rg4 44. Ra7 Be4+ 45. Kf2 Bd5 46. Rd7 Ke5 47. Rd8 Rb4 48. Rg8 Rb2+ 49. Ke3 Rb3+ 50. Kf2 Rf3+ 51. Ke2 Rxg3 52. Rb8 Kd4 53. Kf2 Rb3 54. Rg8 Rb7 55. Kg3 e5 56. Rd8 Rf7 57. Rh8 e4 58. Re8 e3 59. Kh2 Rf4 60. Rb8 e2 61. Rb1 Rf1 62. Rb4+ Bc4 63. Kg2 e1Q 64. Rb2 0-1

[Event "Cappelle Online Blitz op 1st"]
[Site "Europe Echecs INT"]
[Date "2021.01.10"]
[Round "5"]
[White "Daulyte Cornette, Deimante"]
[Black "Markuszewski, Maksymilian"]
[Result "1-0"]
[WhiteElo "2387"]
[BlackElo "1424"]
[PlyCount "99"]
[EventDate "2021.01.10"]
[EventType "swiss (blitz)"]
[EventRounds "11"]
[EventCountry "FRA"]
[SourceTitle "CBM 200 Extra"]
[Source "ChessBase"]
[SourceDate "2021.03.31"]
[SourceVersion "1"]
[SourceVersionDate "2021.03.31"]
[SourceQuality "1"]

1. e4 c5 2. Nc3 Nc6 3. Bb5 Nd4 4. Nf3 a6 5. Bd3 g6 6. 0-0 Bg7 7. Nxd4 Bxd4 8. Ne2 Bg7 9. Bc4 e6 10. a4 Ne7 11. d4 cxd4 12. Nxd4 0-0 13. Bg5 Re8 14. Qd2 Qb6 15. c3 Nc6 16. Nxc6 Qxc6 17. Qd3 b6 18. Rfe1 Bb7 19. f3 Qc7 20. Rad1 Bc6 21. Bb3 h6 22. Be3 Red8 23. Bd4 d5 24. e5 b5 25. Ra1 Qb7 26. a5 Qc7 27. Bb6 Qd7 28. Bxd8 Qxd8 29. f4 Qh4 30. Qd4 Bb7 31. Qb6 Qe7 32. Rad1 Rc8 33. Kh1 Qd7 34. Qe3 Bf8 35. Qh3 Kg7 36. Bc2 Bc5 37. Bd3 Qd8 38. Qg4 Qxa5 39. b4 Qc7 40. bxc5 Qxc5 41. f5 exf5 42. Bxf5 Qxc3 43. Bxc8 Bxc8 44. Qf4 Bb7 45. Qf6+ Kg8 46. Qd8+ Kg7 47. e6 d4 48. e7 Qc6 49. Qf8+ Kh7 50. Qxf7+ 1-0